01007nam a22002297a 450000100060000000300080000600500170001400800410003103500170007204000350008904100080012408200310013210000230016324502040018626000790039030000390046950200850050850400360059365000650062970000490069470000340074383002BD-RjUL20240207155903.0240207s2018 bg a|||| m||| 00| 0 eng d aBD-RjUL83002 aBD-RjULbengcBD-RjULdBD-RjUL aeng 223a353.53095492bISP 2018 aIslam, Md. Rafiqul10aPeople's participation in environmental governance : bA Study on two coastal villages in Bangladesh /cMd. Rafiqul Islam ;6Principal Supervisors : Parvaz, Azharul Huq, Co-Supervisor : Raquib, Ahmed aRajshahi :bInstitute of Bangladesh Studies, University of Rajshahi,c2018 axiv, 193 leaves : bill, ;c29.cm. aThesis (Ph. D.) -- Institute of Bangladesh Studies, University of Rajshahi, 2018 aBibliography : Leaves 176 - 193 aPeoplexSpecific fields of public administrationzBangladesh aHuq, Parvaz, Azharul, Principal Supervisors  aAhmed. Raquib, Co-Supervisor